Normal view
MARC view
- Analysing Learner Language-Language
Entry Topical Term
001 - CONTROL NUMBER
- control field: 2175
003 - CONTROL NUMBER IDENTIFIER
- control field: JO-AjAnu
005 - DATE AND TIME OF LATEST TRANSACTION
- control field: 20230606070648.0
008 - FIXED-LENGTH DATA ELEMENTS
- fixed length control field: 230606|| aca||aabn | a|a d
040 ## - CATALOGING SOURCE
- Original cataloging agency: JO-AjAnu
- Transcribing agency: JO-AjAnu
150 ## - HEADING--TOPICAL TERM
- Topical term or geographic name entry element: Analysing Learner Language-Language
670 ## - SOURCE DATA FOUND
- Source citation: Work cat.: (JO-AjAnu)1140: Ellis,Rod Editor/Barkhuizen,Gary تأليف , author 2174, Analysing Learner Language